00556nam a2200169Ia 4500008004100000020001500041041001200056082001600068100001800084245004500102260002500147300000800172650000800180942000700188999001500195952017600210221030s9999 xx 000 0 und d a0074518534 aEnglish a105.23bRam aK. V. Ramanan 0aFunctional Electronicscby K. V. Ramanan bTMHaNew Delhic2000 a751 aECE cBK c6638d6638 pBE 1963g190.00l0o105.23 Ramr2024-06-13 00:00:00w2022-10-30yBK003Print4070aMIETLIBbMIETLIBcBL-Academic Block- Airst, FL-1, CUP-12, SH-1, R-1d2000-09-2210HBE